| 000 | 00900nam a22002297a 4500 | ||
|---|---|---|---|
| 999 |
_c63970 _d63970 |
||
| 003 | Ge_BSU | ||
| 005 | 20260227164358.0 | ||
| 008 | 260227s2004 enk||||| |||| 00| 0 geo d | ||
| 020 | _a9780691128689x | ||
| 041 | _aeng | ||
| 080 | _a336.71(520) A-46 | ||
| 100 |
_aAmyx, Jennifer A. _927021 |
||
| 245 |
_aJapan's financial crisis : _b institutional regidity and reluctant change / _cJennifer A. Amyx. |
||
| 264 |
_aPrinceton: _b Princeton Univ. press, _c2004. |
||
| 300 |
_a365 p. ; _b23 cm. |
||
| 504 | _aBibliogr.: p. 341-359. | ||
| 653 | _aიაპონიის ფინანსები | ||
| 653 | _aიაპონიის საფინანსო პოლიტიკა. | ||
| 653 | _aფინანსური კრიზისი იაპონიაში. | ||
| 653 | _aსაბანკო საქმე იაპონიაში | ||
| 942 |
_2udc _cᲬᲘᲒᲜᲘ |
||